000 00700nam a2200265Ia 4500
005 20260302114300.0
008 008 260114s9999 xx 000 0 eng d
020 _a9781350107892
037 _aTextbook
040 _aCRL
040 _beng
040 _cCRL
041 _2eng
041 _aeng
084 _qCRL
100 _aHoward Caygill
_91118310
245 0 _aForce and Understanding Writings on Philosophy and Resistance
260 _bBloomsbury
260 _bBloomsbury Academic
260 _c2020
650 _aPhilosophy
856 _uhttps://dx.doi.org/10.5040/9781350107892?locatt=label:secondary_bloomsburyCollections
942 _cEBOOK
999 _c1681989
_d1681989